[Event "22. Copenhagen Open  (Politiken Cup)"]
[Site "Copenhagen"]
[Date "2000.07.21"]
[Round "5"]
[White "Nielsen, Jens Holm"]
[Black "Tolstrup, Thomas"]
[Result "1/2-1/2"]
[WhiteElo "2060"]
[BlackElo "1856"]
[PlyCount "122"]
[EventDate "2000.07.17"]
[EventType "swiss"]
[EventRounds "11"]
[EventCountry "DEN"]
[SourceDate "2004.01.01"]

1. Nc3 e6 2. e4 d5 3. g3 d4 4. Nce2 c5 5. d3 Nc6 6. Bg2 e5 7. f4 f6 8. Nh3 Bd6
9. O-O Be6 10. c3 Qd7 11. fxe5 Bxe5 12. Nhf4 Bg4 13. c4 Nge7 14. a3 O-O 15. Qc2
g5 16. Nd5 Rac8 17. Rf2 Nxd5 18. cxd5 Ne7 19. Bd2 Ng6 20. Bf3 b5 21. Bxg4 Qxg4
22. Kg2 Nh4+ 23. Kg1 Ng6 24. Raf1 c4 25. Bb4 Rf7 26. Qd1 Rfc7 27. Nc1 Qh3 28.
Qf3 Qd7 29. Qd1 Qh3 30. Qf3 Qd7 31. Rd1 Kg7 32. Ne2 Ra8 33. Ba5 Rcc8 34. dxc4
Rxc4 35. b3 Rc2 36. Nxd4 Rxf2 37. Qxf2 Rc8 38. Ne6+ Kh8 39. Qd2 Ne7 40. Rc1
Rxc1+ 41. Qxc1 Nxd5 42. Qd2 Nb6 $11 43. Qxd7 Nxd7 44. a4 bxa4 45. bxa4 Nb6 46.
Bxb6 axb6 47. Kg2 Kg8 48. Kf3 h5 49. h3 Kf7 50. Nd8+ Ke8 51. Nc6 Kd7 52. Nxe5+
fxe5 53. Ke3 Kc6 54. Kd3 Kc5 55. Kc3 g4 56. h4 b5 57. a5 b4+ 58. Kb3 Kb5 59. a6
Kxa6 60. Kxb4 Kb6 61. Kc4 Kc6 1/2-1/2

[Event "22. Copenhagen Open  (Politiken Cup)"]
[Site "Copenhagen"]
[Date "2000.07.21"]
[Round "5"]
[White "Nielsen, Michael B"]
[Black "Brondum, Jan Kraul"]
[Result "1/2-1/2"]
[WhiteElo "1421"]
[BlackElo "1452"]
[PlyCount "49"]
[EventDate "2000.07.17"]
[EventType "swiss"]
[EventRounds "11"]
[EventCountry "DEN"]
[SourceDate "2004.01.01"]

1. d4 Nf6 2. c4 g6 3. Nc3 Bg7 4. e4 d6 5. h3 O-O 6. Be3 c6 7. Nge2 Nbd7 8. g4
e5 9. Ng3 exd4 10. Bxd4 Ne5 11. Be2 Be6 12. c5 Qc7 13. cxd6 Qxd6 14. f4 Ned7
15. e5 Qc7 16. exf6 Nxf6 17. Bxf6 Bxf6 18. Rf1 Rad8 19. Qc2 Bh4 20. Rf3 Rfe8
21. Kf1 Bxg3 22. Rxg3 Qxf4+ 23. Rf3 Qh2 24. Rd1 Qh1+ 25. Kf2 1/2-1/2

[Event "22. Copenhagen Open  (Politiken Cup)"]
[Site "Copenhagen"]
[Date "2000.07.21"]
[Round "5"]
[White "Nielsen, Morten"]
[Black "Haugsdal, Arn Tore"]
[Result "0-1"]
[WhiteElo "2094"]
[BlackElo "2007"]
[PlyCount "70"]
[EventDate "2000.07.17"]
[EventType "swiss"]
[EventRounds "11"]
[EventCountry "DEN"]
[SourceDate "2004.01.01"]

1. e4 e5 2. Bc4 Nf6 3. Nf3 Nc6 4. Ng5 d5 5. exd5 Nd4 6. c3 b5 7. Bf1 Nxd5 8.
Nxf7 Kxf7 9. cxd4 exd4 10. Qf3+ Nf6 11. Bxb5 Be6 12. Bc6 Bc5 13. b4 Bc4 14. d3
Bxb4+ 15. Bd2 Re8+ 16. Bxe8+ Qxe8+ 17. Kf1 Bd5 18. Qd1 Qc6 19. Rg1 Re8 20. h3
Bc4 21. f3 Bxd3+ 22. Kf2 Bc2 23. Qc1 Bc5 24. Re1 d3+ 25. Kg3 Qd6+ 26. f4 Nh5+
27. Kh2 Nxf4 28. Rf1 g5 29. Bxf4 gxf4 30. Qxf4+ Kg6 31. Qxd6+ Bxd6+ 32. Kh1 Be5
33. Re1 Bxa1 34. Rxe8 Bxb1 35. Re1 Bc2 0-1

[Event "22. Copenhagen Open  (Politiken Cup)"]
[Site "Copenhagen"]
[Date "2000.07.21"]
[Round "5"]
[White "Nielsen, Nicholas Roland"]
[Black "Lilja, Richard"]
[Result "1-0"]
[WhiteElo "1864"]
[BlackElo "2080"]
[PlyCount "37"]
[EventDate "2000.07.17"]
[EventType "swiss"]
[EventRounds "11"]
[EventCountry "DEN"]
[SourceDate "2004.01.01"]

1. e4 e5 2. Nc3 Bc5 3. f4 Bxg1 4. Rxg1 d6 5. d4 Qh4+ 6. g3 Qxh2 7. Rg2 Qh1 8.
fxe5 dxe5 9. Be3 Nf6 10. dxe5 Ng4 11. Qd2 Nxe3 12. Qxe3 Qh5 13. Qf4 Na6 14. Nd5
O-O 15. Ne7+ Kh8 16. Be2 Qh1+ 17. Kf2 Qxa1 18. Rh2 h6 19. Rxh6+ 1-0

[Event "22. Copenhagen Open  (Politiken Cup)"]
[Site "Copenhagen"]
[Date "2000.07.21"]
[Round "5"]
[White "Nilssen, John Arni"]
[Black "Erlandsen, Carsten"]
[Result "1-0"]
[WhiteElo "2354"]
[BlackElo "2165"]
[PlyCount "93"]
[EventDate "2000.07.17"]
[EventType "swiss"]
[EventRounds "11"]
[EventCountry "DEN"]
[SourceDate "2004.01.01"]

1. d4 Nf6 2. c4 g6 3. Nc3 d5 4. Nf3 Bg7 5. Qa4+ Bd7 6. Qb3 dxc4 7. Qxc4 O-O 8.
e4 b5 9. Nxb5 Nxe4 10. Qxc7 Nc6 11. Qxd8 Raxd8 12. Bd3 Nb4 13. Bxe4 Bxb5 14.
Bd2 Nd3+ 15. Bxd3 Bxd3 16. Be3 Be4 17. Rd1 Rd5 18. Ke2 Bxf3+ 19. gxf3 Rfd8 20.
Rd2 e5 21. dxe5 Bxe5 22. Rhd1 Rxd2+ 23. Rxd2 Rxd2+ 24. Kxd2 Bxb2 25. Bxa7 Ba3
26. Kc3 Kf8 27. Kc4 Ke8 28. Bc5 Bc1 29. a4 Bf4 30. h3 Kd7 31. a5 Kc6 32. a6 h5
33. a7 Kb7 34. Kd5 Bc7 35. Ke4 Ka8 36. Be3 Kb7 37. Kd5 Ka8 38. f4 Kb7 39. f3
Bd8 40. Kd6 Bh4 41. Kd7 f6 42. Ke6 Ka8 43. Kf7 g5 44. f5 g4 45. fxg4 hxg4 46.
hxg4 Kb7 47. Bd4 1-0

[Event "22. Copenhagen Open  (Politiken Cup)"]
[Site "Copenhagen"]
[Date "2000.07.21"]
[Round "5"]
[White "Nilsson, Nils Specht"]
[Black "Auchenberg, Per"]
[Result "1-0"]
[WhiteElo "2188"]
[BlackElo "2006"]
[PlyCount "55"]
[EventDate "2000.07.17"]
[EventType "swiss"]
[EventRounds "11"]
[EventCountry "DEN"]
[SourceDate "2004.01.01"]

1. d4 c5 2. d5 e5 3. e4 d6 4. f4 exf4 5. Bxf4 Qh4+ 6. g3 Qe7 7. Nf3 Bg4 8. Bb5+
Nd7 9. Nbd2 O-O-O 10. Bxd7+ Rxd7 11. Qe2 f6 12. h3 Bxf3 13. Qxf3 g5 14. Be3 Nh6
15. O-O-O Bg7 16. g4 b5 17. Bf2 Kb8 18. Bg3 Rb7 19. Rde1 Rb6 20. Nb3 Ka8 21.
Rh2 Nf7 22. Qf5 Nd8 23. Na5 Qc7 24. Nb3 Ra6 25. Qf1 Qb6 26. Bf2 Qb8 27. Kb1 Ra4
28. Qd3 {Time} 1-0

[Event "22. Copenhagen Open  (Politiken Cup)"]
[Site "Copenhagen"]
[Date "2000.07.21"]
[Round "5"]
[White "Paaske, Asger"]
[Black "Andreasen, Per Naesby"]
[Result "1/2-1/2"]
[WhiteElo "2038"]
[BlackElo "2293"]
[PlyCount "108"]
[EventDate "2000.07.17"]
[EventType "swiss"]
[EventRounds "11"]
[EventCountry "DEN"]
[SourceDate "2004.01.01"]

1. e4 g6 2. d4 Bg7 3. Nf3 d6 4. Nc3 Nf6 5. Be3 O-O 6. Qd2 c6 7. Bh6 b5 8. Bd3
Qc7 9. Ne2 e5 10. Bxg7 Kxg7 11. dxe5 dxe5 12. Ng3 Bg4 13. Qg5 Nbd7 14. Nh4 Qa5+
15. Kf1 Rad8 16. Nhf5+ Bxf5 17. Nxf5+ Kh8 18. Nh6 Qb4 19. Re1 Qe7 20. h4 $11
Ng8 21. Qe3 Nxh6 22. Qxh6 f6 23. g4 Nc5 24. Qe3 Ne6 25. Kg2 Rd4 26. Rd1 Rfd8
27. Be2 Qc5 28. c3 Rxd1 29. Rxd1 Rxd1 30. Qxc5 Rg1+ 31. Kxg1 Nxc5 32. Bd1 Nd3
33. b3 a5 34. Kf1 b4 35. cxb4 axb4 36. Bc2 Nc5 37. Ke2 Kg7 38. f3 Kf7 39. Bd3
g5 40. Bc4+ Ke7 41. h5 h6 42. Ke3 $11 Kd6 43. Ke2 Nd7 44. Ke3 Kc5 45. Kd3 Nb6
46. Bf7 Nc8 47. Bc4 Nd6 48. Ba6 Kb6 49. Bc4 Ka5 50. Be6 Kb5 51. Bg8 Kc5 52. Bc4
Kb6 53. Kc2 Ka5 54. Kd3 Kb6 1/2-1/2

[Event "22. Copenhagen Open  (Politiken Cup)"]
[Site "Copenhagen"]
[Date "2000.07.21"]
[Round "5"]
[White "Palo, Davor"]
[Black "Adamski, Jan"]
[Result "1/2-1/2"]
[WhiteElo "2213"]
[BlackElo "2381"]
[PlyCount "66"]
[EventDate "2000.07.17"]
[EventType "swiss"]
[EventRounds "11"]
[EventCountry "DEN"]
[SourceDate "2004.01.01"]

1. d4 Nf6 2. c4 e6 3. Nc3 Bb4 4. Qc2 c5 5. dxc5 Qc7 6. a3 Bxc5 7. Nf3 a6 8. e3
Be7 9. Bd3 d6 10. b3 Nbd7 11. Bb2 b6 12. Ne4 Bb7 13. O-O Rc8 14. Rac1 Qb8 15.
Nxf6+ Bxf6 16. Bxf6 Nxf6 17. Qe2 O-O 18. Rfd1 Rfd8 19. e4 Qa8 20. Re1 b5 21.
Nd2 Bc6 22. cxb5 Bxb5 23. Rxc8 Rxc8 24. Bxb5 axb5 25. Qxb5 Qxa3 26. Nc4 Qc5 27.
Qxc5 dxc5 28. f3 Rb8 29. Re3 Kf8 30. Ne5 Ke8 31. Rc3 Nd7 32. Nxd7 Kxd7 33. Rxc5
Rxb3 1/2-1/2

[Event "22. Copenhagen Open  (Politiken Cup)"]
[Site "Copenhagen"]
[Date "2000.07.21"]
[Round "5"]
[White "Pedersen, Christian Kyndel"]
[Black "Pedersen, Steen"]
[Result "1-0"]
[WhiteElo "2127"]
[BlackElo "1755"]
[PlyCount "57"]
[EventDate "2000.07.17"]
[EventType "swiss"]
[EventRounds "11"]
[EventCountry "DEN"]
[SourceDate "2004.01.01"]

1. d4 d5 2. c4 e6 3. Nc3 Nf6 4. Bg5 Be7 5. e3 O-O 6. Nf3 h6 7. Bh4 b6 8. cxd5
Nxd5 9. Bxe7 Qxe7 10. Bd3 Nxc3 11. bxc3 c5 12. O-O Bb7 13. Ne5 Nc6 14. f4 Nxe5
15. dxe5 Rad8 16. Qe2 Qd7 17. Rad1 Qc8 18. e4 Rd7 19. Bb5 Rxd1 20. Rxd1 Rd8 21.
Rd6 Rxd6 22. exd6 Bc6 23. e5 Qd7 24. a4 Bxb5 25. axb5 Kf8 26. c4 g6 27. Qe4 f5
28. Qa8+ Kf7 29. Qh8 1-0

[Event "22. Copenhagen Open  (Politiken Cup)"]
[Site "Copenhagen"]
[Date "2000.07.21"]
[Round "5"]
[White "Pedersen, Kaj Vinding"]
[Black "Jorgensen, Orla Eilegaard"]
[Result "0-1"]
[WhiteElo "1619"]
[BlackElo "1297"]
[PlyCount "110"]
[EventDate "2000.07.17"]
[EventType "swiss"]
[EventRounds "11"]
[EventCountry "DEN"]
[SourceDate "2004.01.01"]

1. d4 Nf6 2. Nf3 e6 3. Bf4 c5 4. c3 Nc6 5. e3 cxd4 6. exd4 d5 7. Bd3 Bd6 8. Ne5
O-O 9. O-O Bxe5 10. dxe5 Nd7 11. Re1 Qc7 12. Bg3 Qd8 13. Qc2 h6 14. Nd2 Nc5 15.
Bf1 f6 16. b4 Nd7 17. f4 fxe5 18. fxe5 a6 19. Nf3 Ne7 20. Nd4 Nb6 21. a4 Nf5
22. Bf2 Bd7 23. a5 Nxd4 24. Bxd4 Nc4 25. Qg6 Qe8 26. Qg4 Bb5 27. Rad1 Rf5 28.
h4 Qf7 29. Bd3 Rf4 30. Qg3 Rf8 31. Bg6 Qd7 32. Bc5 Nxe5 33. Bxf8 Nxg6 34. Qxg6
Kxf8 35. Qxe6 Rf1+ 36. Kh2 Qc7+ 37. Qe5 Qxe5+ 38. Rxe5 Rxd1 39. Re3 Bc6 40. Kg3
Rd2 41. Kh3 d4 42. cxd4 Rxd4 43. Rb3 Kf7 44. Rb2 h5 45. g3 Rd1 46. Rf2+ Kg6 47.
g4 hxg4+ 48. Kxg4 Rd4+ 49. Kg3 Rxb4 50. Re2 Rb5 51. Ra2 b6 52. axb6 Rxb6 53.
Rh2 Kh5 54. Kf4 Rb4+ 55. Kg3 Rg4+ 0-1

[Event "22. Copenhagen Open  (Politiken Cup)"]
[Site "Copenhagen"]
[Date "2000.07.21"]
[Round "5"]
[White "Preuss, Flemming"]
[Black "Tjornsted, Peter"]
[Result "0-1"]
[WhiteElo "2072"]
[BlackElo "1868"]
[PlyCount "66"]
[EventDate "2000.07.17"]
[EventType "swiss"]
[EventRounds "11"]
[EventCountry "DEN"]
[SourceDate "2004.01.01"]

1. e4 g6 2. d4 Bg7 3. Nc3 d6 4. Nf3 Bg4 5. Be3 c6 6. h3 Bxf3 7. Qxf3 Nd7 8. Bc4
e6 9. Bb3 Ne7 10. Rd1 d5 11. O-O O-O 12. Ne2 dxe4 13. Qxe4 Nd5 14. c4 Ne7 15.
Nc3 Nf6 16. Qf3 Qa5 17. Rd2 Rad8 18. Rfd1 a6 19. g4 b5 20. g5 Ne8 21. d5 bxc4
22. Bxc4 cxd5 23. Bb3 Nd6 24. Qg4 Ndf5 25. Ne2 Nxe3 26. fxe3 Nc6 27. h4 Ne5 28.
Qf4 Rb8 29. Nd4 Rfc8 30. Rf2 Qc7 31. e4 Nc4 32. Qf3 dxe4 33. Qxe4 Qg3+ 0-1

[Event "22. Copenhagen Open  (Politiken Cup)"]
[Site "Copenhagen"]
[Date "2000.07.21"]
[Round "5"]
[White "Rasmussen, Casper Dahl"]
[Black "Nielsen, Anders Bodholt"]
[Result "1/2-1/2"]
[WhiteElo "2281"]
[BlackElo "2055"]
[PlyCount "199"]
[EventDate "2000.07.17"]
[EventType "swiss"]
[EventRounds "11"]
[EventCountry "DEN"]
[SourceDate "2004.01.01"]

1. e4 c5 2. Nf3 d6 3. d4 cxd4 4. Nxd4 Nf6 5. Nc3 g6 6. Be3 Bg7 7. f3 O-O 8. Qd2
Nc6 9. O-O-O Ne5 10. f4 Nc6 11. h3 Bd7 12. g4 Rc8 13. Nxc6 Bxc6 14. Bg2 Qa5 15.
Kb1 Rfd8 16. Nd5 Qxd2 17. Rxd2 Bxd5 18. exd5 Nd7 19. Bf3 a6 20. h4 Rc4 21. Rhd1
Rdc8 22. c3 Kf8 23. Bd4 Bxd4 24. Rxd4 Kg7 25. Be2 Rxd4 26. Rxd4 f5 27. g5 Kf7
28. Kc2 Nc5 29. Bf3 a5 30. Kd2 a4 31. Kc2 Ra8 32. Kd2 Ra5 33. Ke3 Rb5 34. Rb4
Ra5 35. h5 Ra8 36. h6 Ra5 37. Bg2 Ke8 38. Bf3 Kf7 39. Bd1 Ra7 40. Bc2 Kf8 41.
Rb6 Kf7 42. Rb4 Kf8 43. Bd3 Kf7 44. Rc4 Ra8 45. Bc2 Ra5 46. Kd4 Ra7 47. Rb4 Kf8
48. Rb5 Kf7 49. Kc4 Ra6 50. b4 axb3 51. axb3 Ra7 52. b4 Nd7 53. Ra5 Rxa5 54.
bxa5 Ke8 55. Ba4 Kd8 56. Kd4 Kc7 57. Bc2 Kd8 58. Bd3 Kc7 59. Ke3 Kd8 60. Kf3
Ke8 61. Kg3 Kf7 62. Kh4 Nc5 63. Bc2 Nd7 64. Kg3 Nc5 65. Kf3 Nd7 66. Kf2 Kf8 67.
Ke3 Ke8 68. Ba4 Kd8 69. Kf3 Kc7 70. Kg3 Kc8 71. Kh4 Kc7 72. Bc2 Nf8 73. Bd3 Kc8
74. Bb5 Nd7 75. Bd3 Nf8 76. Kg3 Kc7 77. Kf3 Kc8 78. Ke3 Kc7 79. Kd4 Kc8 80. c4
Nd7 81. Bc2 Kc7 82. Kc3 Kc8 83. Kb4 Kc7 84. Ba4 Kc8 85. Bxd7+ Kxd7 86. Kb5 Kc8
87. Kb6 Kb8 88. a6 bxa6 89. Kxa6 Ka8 90. Kb6 Kb8 91. Kc6 Kc8 92. c5 dxc5 93.
Kxc5 Kc7 94. Kc4 Kd6 95. Kd4 e6 96. dxe6 Kxe6 97. Kc5 Kf7 98. Kd6 Kg8 99. Ke7
Kh8 100. Kf8 1/2-1/2

[Event "22. Copenhagen Open  (Politiken Cup)"]
[Site "Copenhagen"]
[Date "2000.07.21"]
[Round "5"]
[White "Rasmussen, Uffe"]
[Black "Petersen, Steen"]
[Result "0-1"]
[WhiteElo "1884"]
[BlackElo "2162"]
[PlyCount "54"]
[EventDate "2000.07.17"]
[EventType "swiss"]
[EventRounds "11"]
[EventCountry "DEN"]
[SourceDate "2004.01.01"]

1. e4 c5 2. Nc3 Nc6 3. f4 g6 4. Nf3 Bg7 5. Bc4 e6 6. f5 Nge7 7. fxe6 fxe6 8. d3
d5 9. Bb3 b5 10. a3 O-O 11. exd5 exd5 12. Nxb5 Bg4 13. Nc3 Bxf3 14. gxf3 Nd4
15. O-O Nxb3 16. cxb3 Nf5 17. b4 cxb4 18. axb4 Qh4 19. Ra5 Qh3 20. Rxd5 Nh4 21.
Qe2 Bxc3 22. bxc3 Rae8 23. Qa2 {#} Nxf3+ 24. Rxf3 Re1+ 25. Kf2 Qxf3+ 26. Kxe1
Qf1+ 27. Kd2 Rf2+ 0-1

[Event "22. Copenhagen Open  (Politiken Cup)"]
[Site "Copenhagen"]
[Date "2000.07.21"]
[Round "5"]
[White "Resika, Nathan A"]
[Black "Psakhis, Lev"]
[Result "0-1"]
[WhiteElo "2267"]
[BlackElo "2611"]
[PlyCount "80"]
[EventDate "2000.07.17"]
[EventType "swiss"]
[EventRounds "11"]
[EventCountry "DEN"]
[SourceDate "2004.01.01"]

1. e4 e6 2. d4 d5 3. Nc3 Bb4 4. e5 Ne7 5. a3 Bxc3+ 6. bxc3 c5 7. h4 Qc7 8. Nf3
b6 9. Bb5+ Bd7 10. Bd3 Ba4 11. Kf1 Nd7 12. h5 h6 13. Bd2 a6 14. g3 Bb5 15. Bf4
Rc8 16. Kg2 Bxd3 17. cxd3 cxd4 18. cxd4 Qc2 19. Qxc2 Rxc2 20. Rhc1 Rxc1 21.
Rxc1 Kd8 22. Bd2 a5 23. Rc2 Nb8 24. g4 Nbc6 25. Rb2 Kc7 26. Be3 Kb7 27. Nd2 Ka6
28. f4 Na7 29. Nf3 Nb5 30. Rc2 Nxa3 31. Rc7 Re8 32. f5 exf5 33. g5 Nb5 34. Rd7
a4 35. gxh6 gxh6 36. Bxh6 a3 37. Bc1 a2 38. Bb2 Rc8 39. Ne1 Rc1 40. Kf2 Rb1 0-1

[Event "22. Copenhagen Open  (Politiken Cup)"]
[Site "Copenhagen"]
[Date "2000.07.21"]
[Round "5"]
[White "Romsdal, Trond"]
[Black "Brynell, Stellan"]
[Result "0-1"]
[WhiteElo "2222"]
[BlackElo "2484"]
[PlyCount "90"]
[EventDate "2000.07.17"]
[EventType "swiss"]
[EventRounds "11"]
[EventCountry "DEN"]
[SourceDate "2004.01.01"]

1. d4 Nf6 2. c4 e6 3. Nc3 Bb4 4. e3 O-O 5. Bd3 d5 6. Nf3 c5 7. O-O cxd4 8. exd4
dxc4 9. Bxc4 b6 10. Qe2 Bb7 11. Bg5 Nbd7 12. Rac1 Bxc3 13. bxc3 Qc7 14. Bd3 Ng4
15. Be4 Bxe4 16. Qxe4 Ngf6 17. Qe2 Rac8 18. c4 h6 19. Bd2 Qc6 20. Rfd1 Qa4 21.
Bf4 Rfd8 22. Ne5 Nxe5 23. Bxe5 Nd7 24. Bf4 Nf8 25. Qc2 Qxc2 26. Rxc2 Ng6 27.
Be3 Ne5 28. Rdc1 Nd3 29. Rb1 e5 30. dxe5 Nxe5 31. c5 Rc6 32. Rc3 Ng4 33. Bf4 g5
34. Bg3 Rxc5 35. Rxc5 bxc5 36. h3 Nf6 37. Rb7 Rd7 38. Rb8+ Kh7 39. Rc8 Ne4 40.
Rc6 f5 41. Be5 Rd1+ 42. Kh2 Nxf2 43. Rc7+ Kg6 44. Rc6+ Kh5 45. g3 Rd2 0-1

[Event "22. Copenhagen Open  (Politiken Cup)"]
[Site "Copenhagen"]
[Date "2000.07.21"]
[Round "5"]
[White "Rosenberg, Jan"]
[Black "Hoff, Terje"]
[Result "0-1"]
[WhiteElo "1625"]
[BlackElo "2051"]
[PlyCount "94"]
[EventDate "2000.07.17"]
[EventType "swiss"]
[EventRounds "11"]
[EventCountry "DEN"]
[SourceDate "2004.01.01"]

1. d4 Nf6 2. Nf3 g6 3. Bf4 Bg7 4. e3 d6 5. c3 Nh5 6. Bg3 Bg4 7. Qb3 Bxf3 8.
gxf3 Qc8 9. Nd2 O-O 10. O-O-O a5 11. a4 Nd7 12. Ne4 Nb6 13. Bh4 Qd7 14. Bb5 c6
15. Be2 Nd5 16. h3 Nc7 17. f4 Nf6 18. Bxf6 exf6 19. Qa3 $11 Rfd8 20. Rhg1 f5
21. Ng5 h6 22. Nf3 b5 23. Qa2 Kh7 24. Rg2 bxa4 25. Rdg1 Nd5 26. Bd3 a3 27. Nh4
axb2+ 28. Kd2 Rg8 29. Qb1 Ne7 30. e4 fxe4 31. Bxe4 f5 32. Rxg6 Raf8 33. Rxg7+
Rxg7 34. Rxg7+ Kxg7 35. Bd3 Kf6 36. Qxb2 d5 37. Qc2 Qd6 38. Ke3 Ng6 39. Nxg6
Kxg6 40. Kf3 Qa3 41. Qe2 Qd6 42. h4 a4 43. Kg3 a3 44. Qc2 Kf6 45. Bxf5 a2 46.
Bh7 a1=Q 47. Qg6+ Ke7 0-1

[Event "22. Copenhagen Open  (Politiken Cup)"]
[Site "Copenhagen"]
[Date "2000.07.21"]
[Round "5"]
[White "Rossen, Claus"]
[Black "Brinck Claussen, Bjorn"]
[Result "0-1"]
[WhiteElo "2167"]
[BlackElo "2359"]
[PlyCount "98"]
[EventDate "2000.07.17"]
[EventType "swiss"]
[EventRounds "11"]
[EventCountry "DEN"]
[SourceDate "2004.01.01"]

1. d4 d5 2. Nf3 Nf6 3. c4 c6 4. g3 Bg4 5. Bg2 e6 6. Nbd2 Nbd7 7. O-O Bd6 8. Re1
O-O 9. e4 Nxe4 10. Nxe4 dxe4 11. Rxe4 Nf6 12. Bg5 Bf5 13. Re1 h6 14. Be3 Be4
15. a3 a5 16. Ne5 Bxg2 17. Kxg2 Qc7 18. f4 Rfd8 19. Qf3 c5 20. dxc5 Bxe5 21.
fxe5 Qxe5 22. Re2 Qe4 23. Qxe4 Nxe4 24. Bxh6 Nxc5 25. Bf4 Nb3 26. Rf1 Rac8 27.
Re5 Nd2 28. Bxd2 Rxd2+ 29. Rf2 Rxf2+ 30. Kxf2 Rxc4 31. Rb5 Rc2+ 32. Kg1 a4 33.
Rxb7 e5 34. Rb4 f6 35. h4 Rd2 36. h5 Kh7 37. g4 Kh6 38. Kf1 Kg5 39. Rxa4 Rxb2
40. Ra7 Kxg4 41. Rxg7+ Kxh5 42. Rg2 Rb1+ 43. Ke2 Ra1 44. Rg3 Ra2+ 45. Kd1 f5
46. Kc1 f4 47. Rb3 Kg4 48. Kb1 Rd2 49. a4 f3 0-1

[Event "22. Copenhagen Open  (Politiken Cup)"]
[Site "Copenhagen"]
[Date "2000.07.21"]
[Round "5"]
[White "Roder, Peter Ulrik"]
[Black "Nicolaisen, Jeppe"]
[Result "1-0"]
[WhiteElo "2167"]
[BlackElo "2040"]
[Annotator "Peter Reder"]
[PlyCount "35"]
[EventDate "2000.07.17"]
[EventType "swiss"]
[EventRounds "11"]
[EventCountry "DEN"]
[SourceDate "2004.01.01"]

1. d4 d5 2. c4 Nc6 3. Nf3 Bg4 4. cxd5 Bxf3 5. dxc6 Bxc6 6. Nc3 Nf6 {Dette Trak
forarer centrum tilhvid. Bedre var e6 med planen Qh4+, hvilket giver modspil
mod det hvide centrum.} 7. f3 e6 8. e4 Bb4 9. Be3 O-O 10. Bd3 Re8 11. O-O b6
12. Qc2 Nd7 {Sort er i problemer, men dette er tvivlsomt. En anden mulighed
var 12. -,h6 med klar hvid fordel.} 13. Nb5 {Smukt og simpelt. Nu star hvid
narmest til gevinst. Hvids centrum, abne c-linie og loberpar dominerer brattet.
} Bxb5 14. Bxb5 Bf8 15. Rac1 c5 {Dette trak taber ojeblikkeligt, men sort
ville under alle omstandigheder tabe mindst en bonde uden kompensation.} 16.
dxc5 bxc5 17. Rfd1 Re7 18. Qa4 1-0

[Event "22. Copenhagen Open  (Politiken Cup)"]
[Site "Copenhagen"]
[Date "2000.07.21"]
[Round "5"]
[White "Ronsted, Torben"]
[Black "Gislason, Ingolfur"]
[Result "1-0"]
[WhiteElo "2114"]
[BlackElo "1780"]
[PlyCount "81"]
[EventDate "2000.07.17"]
[EventType "swiss"]
[EventRounds "11"]
[EventCountry "DEN"]
[SourceDate "2004.01.01"]

1. d4 e6 2. c4 b6 3. e4 Bb7 4. Nc3 Bb4 5. f3 Qh4+ 6. g3 Qh5 7. Nh3 f5 8. Nf4
Qf7 9. exf5 exf5 10. Qe2+ Ne7 11. Bg2 O-O 12. O-O Nbc6 13. Qd3 Nxd4 14. Be3
Nec6 15. Ncd5 Ne6 16. Nxb4 Nxb4 17. Qc3 Nc6 18. Nd5 Ne7 19. Rad1 c6 20. Nf4
Rad8 21. Rfe1 Rfe8 22. Qa3 Nxf4 23. Bxf4 Nc8 24. c5 Rxe1+ 25. Rxe1 Re8 26. Rd1
Qc4 27. Bf1 Qxc5+ 28. Qxc5 bxc5 29. Rxd7 Re7 30. Rd8+ Kf7 31. Bg5 Re1 32. Kf2
Rb1 33. Rd7+ Kg6 34. Rxb7 Kxg5 35. Bd3 Rd1 36. Ke2 Ra1 37. Rxg7+ Kf6 38. Rc7
Nb6 39. Rxc6+ Ke7 40. Rc7+ Kd6 41. Rxa7 1-0

[Event "22. Copenhagen Open  (Politiken Cup)"]
[Site "Copenhagen"]
[Date "2000.07.21"]
[Round "5"]
[White "Schandorff, Lars"]
[Black "Mittelmann, Gur"]
[Result "1-0"]
[WhiteElo "2520"]
[BlackElo "2419"]
[PlyCount "73"]
[EventDate "2000.07.17"]
[EventType "swiss"]
[EventRounds "11"]
[EventCountry "DEN"]
[SourceDate "2004.01.01"]

1. c4 Nf6 2. g3 c6 3. Bg2 d5 4. Nf3 Bg4 5. Ne5 Bh5 6. cxd5 cxd5 7. Qa4+ Nc6 8.
Nc3 Qc7 9. d4 e6 10. O-O Be7 11. e4 dxe4 12. Nxe4 O-O 13. Nxc6 bxc6 14. Nxf6+
Bxf6 15. Be3 Rac8 16. Rac1 Qb8 17. b3 Be2 18. Rfe1 Bb5 19. Qa5 Bd8 20. Qd2 Be7
21. Rc2 Rfd8 22. Qc1 Bb4 23. Rd1 Qd6 24. Bf4 Qe7 25. a4 Ba6 26. Rxc6 h6 27. h4
Rxc6 28. Qxc6 Be2 29. Rc1 Rxd4 30. Qa8+ Rd8 31. Rc8 Rxc8 32. Qxc8+ Qf8 33. Qc2
Bh5 34. Bd2 a5 35. Be4 Bxd2 36. Qxd2 f5 37. Qxa5 {time} 1-0

[Event "22. Copenhagen Open  (Politiken Cup)"]
[Site "Copenhagen"]
[Date "2000.07.21"]
[Round "5"]
[White "Schmied, Andreas"]
[Black "Andersen, Tom Juul"]
[Result "0-1"]
[WhiteElo "2155"]
[BlackElo "2106"]
[PlyCount "80"]
[EventDate "2000.07.17"]
[EventType "swiss"]
[EventRounds "11"]
[EventCountry "DEN"]
[SourceDate "2004.01.01"]

1. Nf3 Nf6 2. g3 b5 3. Bg2 Bb7 4. O-O e6 5. d3 d5 6. Nbd2 Nbd7 7. Qe1 Nc5 8. b3
Be7 9. Bb2 a5 10. Ne5 O-O 11. c4 b4 12. Rc1 Ra6 13. cxd5 exd5 14. Ndf3 Ne8 15.
Bd4 Ne6 16. Bb2 f6 17. Ng4 Nd6 18. Ne3 c5 19. Rc2 d4 20. Bh3 f5 21. Nc4 Nxc4
22. Rxc4 Qa8 23. Bg2 f4 24. g4 g5 25. Qd1 Bd6 26. Bc1 h5 27. h3 hxg4 28. hxg4
Rf6 29. e3 Rh6 30. e4 Nf8 31. Nxg5 Qd8 32. Nh3 Ng6 33. f3 Qf8 34. Kf2 Bc6 35.
Rh1 Bb5 36. Qc2 a4 37. Ng5 Rxh1 38. Bxh1 axb3 39. axb3 Qh6 40. Rxc5 Bxc5 0-1

[Event "22. Copenhagen Open  (Politiken Cup)"]
[Site "Copenhagen"]
[Date "2000.07.21"]
[Round "5"]
[White "Schultz Pedersen, Jesper"]
[Black "Nielsen, Simon Saito"]
[Result "1/2-1/2"]
[WhiteElo "2215"]
[BlackElo "2138"]
[PlyCount "74"]
[EventDate "2000.07.17"]
[EventType "swiss"]
[EventRounds "11"]
[EventCountry "DEN"]
[SourceDate "2004.01.01"]

1. e4 c5 2. Nf3 d6 3. b4 Nf6 4. bxc5 Nxe4 5. cxd6 Nxd6 6. Bb2 b6 7. d4 Bb7 8.
Bd3 Nd7 9. c4 Rc8 10. Nbd2 e6 11. Rc1 Be7 12. Bb1 O-O 13. Qc2 g6 $11 14. Qd3
Re8 15. h4 Bf6 16. Qa3 Bxf3 17. Qxf3 e5 18. h5 exd4+ 19. Kf1 Ne5 20. Qg3 Nexc4
21. Nxc4 Nxc4 22. hxg6 Nd2+ 23. Kg1 Rxc1+ 24. Bxc1 Re1+ 25. Kh2 Rxh1+ 26. Kxh1
Nxb1 27. gxf7+ Kxf7 28. Qb3+ Kg7 29. Qxb1 d3 30. Bd2 Qd5 31. Kg1 Qc4 32. Kf1
Qc2 33. Qxc2 dxc2 34. Bc1 Kg6 35. Ke2 Bg5 36. Bxg5 Kxg5 37. Kd2 Kf4 1/2-1/2

[Event "22. Copenhagen Open  (Politiken Cup)"]
[Site "Copenhagen"]
[Date "2000.07.21"]
[Round "5"]
[White "Schyberg, Brian"]
[Black "Petersen, Lars"]
[Result "1-0"]
[WhiteElo "1924"]
[BlackElo "2097"]
[PlyCount "43"]
[EventDate "2000.07.17"]
[EventType "swiss"]
[EventRounds "11"]
[EventCountry "DEN"]
[SourceDate "2004.01.01"]

1. d4 c6 2. e4 g6 3. Nc3 Bg7 4. Be3 d6 5. Qd2 b6 6. O-O-O Nd7 7. f4 Bb7 8. Nf3
Qc7 9. Bc4 e6 10. f5 b5 11. Bb3 e5 12. Ng5 Nh6 13. Bxf7+ Nxf7 14. Ne6 Qa5 15.
Nxg7+ Kd8 16. Kb1 gxf5 17. Nxf5 b4 18. Ne2 Kc7 {[#]} 19. Nxd6 Nxd6 20. dxe5
Nxe4 21. Qxd7+ Kb8 22. e6 1-0